| 000 | 00524nam a22001457a 4500 | ||
|---|---|---|---|
| 008 | 230602b |||||||| |||| 00| 0 eng d | ||
| 020 | _a92-4-156106-8 | ||
| 040 |
_aNational Science Library _cNational Science Library |
||
| 080 |
_a616[213](047) _bM7 |
||
| 245 |
_aTropical disease research: _bA global partnership _c/ Eighth programme report the first ten years, with highlights of the 1985-86 Biennium |
||
| 260 |
_aGeneva: _bWorld Health Organization, _c1987 |
||
| 300 | _a191p. | ||
| 650 | _aReport | ||
| 942 |
_2udc _cREP |
||
| 999 |
_c38764 _d38764 |
||